000 00718nam a2200241Ia 4500
003 OSt
005 20220918200351.0
006 a|||||r|||| 00| 0
007 ta
008 220917b |||||||| |||| 00| 0 eng d
024 _a88,515
037 _cTextual
040 _aARTS
_cARTS
_beng
041 _2eng
_aeng
082 _aT4v3.N, N6.2
100 _aRidder Symoens Hilde de ed
_990779
245 0 _aUniversities in early modern Europe (1500-1800 )
260 _aCambridge
_bUniv Press
_c1996
490 _aHistory of the university in europe ed by Walter Roegg; 2
650 _aHIGHER EDUCATION
942 _hT4v3.N, N6.2
_cTEXL
_2CC
999 _c212203
_d212203